000 00876nam a2200181Ia 4500
008 090630s9999 xx 000 0 und d
082 _b26884
100 _aघाणेकर प्र. के.
245 _aसफर दिवेआगरची निसर्गराज श्रीवर्धन परिसराची.
_cघाणेकर प्र. के.
260 _bस्नेहल - पुणे 4.
_c2000
300 _a55
600 _aघाणेकर प्र. के.
630 _aसफर दिवेआगरची निसर्गराज श्रीवर्धन परिसराची.
655 _aप्रवास.
700 _aघाणेकर प्र. के.
730 _aसफर दिवेआगरची निसर्गराज श्रीवर्धन परिसराची.
942 _cBOOK
999 _c278740
_d278740